La irrupción de las mujeres en la escena pública veracruzana, 1900-1953/
Shranjeno v:
| Glavni avtor: | |
|---|---|
| Format: | Knjiga |
| Jezik: | Spanish |
| Oznake: |
Označite
Brez oznak, prvi označite!
|
MARC
| LEADER | 00000nam a22000007a 4500 | ||
|---|---|---|---|
| 003 | cru CIDCACS/IIS | ||
| 005 | 20181129113707.0 | ||
| 007 | ta | ||
| 008 | 181129t2011 mx |||||r|||||||| 0|spa|d | ||
| 999 | |c 41936 |d 41936 | ||
| 040 | |c cru CIDCACS/IIS | ||
| 100 | 1 | |9 8048 |a Núñez Becerra, Fernanda | |
| 245 | 1 | 3 | |a La irrupción de las mujeres en la escena pública veracruzana, 1900-1953/ |c Fernanda Núñez Becerra |
| 300 | |a páginas 397-419 |b fotos | ||
| 773 | 0 | |0 41933 |9 2462 |d Mexico: Gobierno del Estado de Veracruz, 2011 |o 17741 |t Historia general de Veracruz / |z 9786075020938 | |
| 942 | |2 ddc |c LI | ||



